La invisible victoria : (Los chilenos y el plebiscito) /

La oposición, con su campaña por el NO, ha introducido cambios profundos en la sociedad chilena. La contienda política no deja ver que este país ya no es el mismo que el que hace apenas unos meses, y que ya no volverá a ser jamás el de antes, cualquiera sea el resultado de anunciado plebiscito.\Desp...

Full description

Bibliographic Details
Main Author: Tironi Barrios, Eugenio
Format: Analitica de revista
Language:Spanish
Published: Santiago, Chile SUR 1988
Subjects:

MARC

LEADER 00000cab a2200000 a 4500
001 037621
003 UAHC_CL
005 20171123103716.0
008 140120s1988 cl 000 spa
952 |0 0  |1 0  |4 0  |6 PROPOSICIONES_16_88_000000000000000  |7 0  |8 COMP  |9 71637  |a BC  |b BC  |c COMP  |d 2017-08-03  |l 0  |o PROPOSICIONES-16/88  |r 2017-08-03 00:00:00  |t 1  |w 2017-08-03  |y REVA 
999 |c 37621  |d 37621 
040 |a UAHC_CL  |c UAHC_CL  |d UAHC_CL 
100 1 |a Tironi Barrios, Eugenio 
245 1 3 |a La invisible victoria :  |b (Los chilenos y el plebiscito) /  |c Eugenio Tironi. 
260 |b SUR  |c 1988  |a Santiago, Chile 
300 |a pp. 12-21 
310 |a Anual. 
362 0 |a Año 1, no. 1 (nov. 2002)- . 
362 0 |a Año 1, no. 1 (nov. 2002)- . 
500 |a En: Proposiciones. no. 16, 1988. pp. 12-21. ISSN. 956208051X. 
520 |a La oposición, con su campaña por el NO, ha introducido cambios profundos en la sociedad chilena. La contienda política no deja ver que este país ya no es el mismo que el que hace apenas unos meses, y que ya no volverá a ser jamás el de antes, cualquiera sea el resultado de anunciado plebiscito.\Después de quince años se ha reconstituido la ciudadanía. A la fecha, por lo menos 5 millones y medio de chilenos se han inscrito en los registros electorales. Son personas que han roto con la apatía y e escepticismo; que están resueltas a que el Estad los escuche; que, de seguro, están decididas también a defender su voz, si es necesario. 
650 4 |a PLEBISCITO  |z CHILE 
650 4 |a DICTADURA  |x ASPECTOS SOCIALES  |z CHILE 
900 |a PROPOSICIONES-16/88 
942 |c REVA  |2 ddc